Counselling in the African context : (Record no. 59220)

MARC details
000 -LEADER
fixed length control field 00587nam a22001817a 4500
005 - DATE AND TIME OF LATEST TRANSACTION
control field 20250716125721.0
008 - FIXED-LENGTH DATA ELEMENTS--GENERAL INFORMATION
fixed length control field 240515b ||||| |||| 00| 0 eng d
020 ## - INTERNATIONAL STANDARD BOOK NUMBER
International Standard Book Number 9780000000002
050 ## - LIBRARY OF CONGRESS CALL NUMBER
Classification number BF636.7
Item number .G53 2006
100 ## - MAIN ENTRY--PERSONAL NAME
Personal name Gichinga, Emmy.
245 ## - TITLE STATEMENT
Title Counselling in the African context :
Remainder of title a counselling guide
260 ## - PUBLICATION, DISTRIBUTION, ETC. (IMPRINT)
Place of publication, distribution, etc Nairobi :
Name of publisher, distributor, etc Gem Counselling Services,
Date of publication, distribution, etc c2007.
300 ## - PHYSICAL DESCRIPTION
Extent 248 p. ;
Dimensions 21 cm.
440 ## - SERIES STATEMENT/ADDED ENTRY--TITLE
Title Counselling guide series
500 ## - GENERAL NOTE
General note Includes bibliographical references (p. 209-216).
650 ## - SUBJECT ADDED ENTRY--TOPICAL TERM
Topical term or geographic name as entry element Counseling
General subdivision Social aspects
Geographic subdivision Kenya.
942 ## - ADDED ENTRY ELEMENTS (KOHA)
Source of classification or shelving scheme Library of Congress Classification
Item type Book
Holdings
Withdrawn status Lost status Source of classification or shelving scheme Damaged status Not for loan Collection code Home library Current library Shelving location Date acquired Source of acquisition Cost, normal purchase price Full call number Barcode Date last seen Copy number Price effective from Koha item type
    Library of Congress Classification   Not For Loan Non-fiction Bishop Okullu Memorial Library (Limuru Campus) Bishop Okullu Memorial Library (Limuru Campus) General Circulation 15/05/2024 donation 500.00 BF636.7 .G53 2006 071639 15/05/2024 1 15/05/2024 Book